000
00408nam a2200145Ia 4500
008
100204s9999 xx 000 0 und d
082
_b
3827
100
_a
पाठक गं. रा.
245
_a
अमृतपाश
260
_b
"अभय साहित्य, पुणे"
_c
1981
300
_a
216
630
_a
अमृतपाश
730
_a
अमृतपाश
942
_c
BOOK
999
_c
465596
_d
465593